000 01034nas a2200337 4500
001 BR2015002838
003 BR-BrBNA
005 20231205125328.0
007 ta
008 230509b bl.|||p| |||| 00| 00por d
040 _aBR-BrBNA
_bpor
_cBiblioteca Nacional de Agricultura
041 _a(En)
072 _aQ04
100 1 _aGhazaei, S.
100 1 _aMizani, M.
100 1 _aPiravi-Vanak, Z.
100 1 _aAlimi, M.
110 1 _a
245 1 _aParticle size and cholesterol content of a mayonnaise formulated by OSA-modified potato starch
650 _aALIMENTO PREPARADO
650 _aMAIONESE
650 _aAMIDO
650 _aBATATA
650 _aPROPRIEDADE REOLOGICA
650 _aCOLESTEROL
650 _aANALISE DE ALIMENTO
773 0 _tCiência e Tecnologia de Alimentos (Brazil)
_xISSN 1678-457X
_g(Jan-Mar 2015), v. 35(1) p. 150-156
_wBR2015002838
856 4 0 _uhttp://www.scielo.br/pdf/cta/v35n1/0101-2061-cta-35-1-150.pdf
909 _a202311
_bLúcia
_c55
_dLúcia Elande
942 _2AGRIS
_n0
_cANA
999 _c243817
_d243817